A survey of the New Testament. (Record no. 5231)

000 -LEADER
fixed length control field 00627nam a2200205 a 4500
001 - CONTROL NUMBER
control field :::00002973$&:&@@
003 - CONTROL NUMBER IDENTIFIER
control field OkBaRHE
005 - DATE AND TIME OF LATEST TRANSACTION
control field 20000607103258.0
008 - FIXED-LENGTH DATA ELEMENTS--GENERAL INFORMATION
fixed length control field s1981 j 000 0 eng u
020 ## - INTERNATIONAL STANDARD BOOK NUMBER
International Standard Book Number 0310254108
040 ## - CATALOGING SOURCE
Transcribing agency
100 1# - MAIN ENTRY--PERSONAL NAME
Personal name Gundry, Robert Horton.
245 12 - TITLE STATEMENT
Title A survey of the New Testament.
250 ## - EDITION STATEMENT
Edition statement Rev. ed.
260 ## - PUBLICATION, DISTRIBUTION, ETC. (IMPRINT)
Place of publication, distribution, etc Grand Rapids, MI., :
Name of publisher, distributor, etc Zondervan Pub. House
Date of publication, distribution, etc c1981
300 ## - PHYSICAL DESCRIPTION
Extent 379 p. : illus. ;
Dimensions 25 cm.
650 ## - SUBJECT ADDED ENTRY--TOPICAL TERM
Topical term or geographic name as entry element Bible New Testament
General subdivision Textbooks
942 ## - ADDED ENTRY ELEMENTS (KOHA)
Source of classification or shelving scheme
Koha item type Books
Copies
Withdrawn status Lost status Full call number Source of classification or shelving scheme Permanent Location Shelving location Date last seen Koha item type Not for loan Price effective from Date acquired Barcode Damaged status Copy number
  BS 2535.2 .G85 RHEMA Bible Training CollegeGeneral Stacks2018-03-16Books 2010-04-142010-04-142973 1